Statistics for Top 10 Paper Producing Countries

Click here to take the quiz!

General Stats

  • This quiz has been taken 90 times
  • The average score is 8 of 10

Answer Stats

Tonnes (x1000)Country% Correct
99 300China
98%
75 083United States
96%
12 112Canada
93%
10 159Brazil
88%
22 698Germany
82%
26 627Japan
81%
10 035Indonesia
72%
11 492South Korea
70%
11 298Sweden
59%
11 329Finland
57%

Score Distribution

Percentile by Number Answered

Percent of People with Each Score

Your Score History

You have not taken this quiz